00581nam a2200181Ii 450000100060000000300090000600800410001504000330005604100080008908200170009710000310011424500630014526400980020830000120030633600260031833700280034433800270037210460CO-ViMGA241108s9999||||xx |||||||||||||| ||und|| aCO-ViMGAbspaerdacCO-ViMGA0 aunk04a341.488-S2311 aCarlos Saenz de Santamaria10aFin del asilo del doctor Victor Raul Haya de la Torre 1954 1a[Lugar de publicación no identificado] : Fundación Centenario del Banco de Colombia, 1978 avolumen atextbtxt2rdacontent aunmediatedbn2rdamedia avolumebnc2rdacarrier